<?xml version="1.0" encoding="UTF-8"?>
<marc:record xmlns:marc="http://www.loc.gov/MARC21/slim">
   <marc:leader>00000nam a2200000 a 4500</marc:leader>
   <marc:datafield ind1="1" ind2=" " tag="100">
      <marc:subfield code="a">Siegner, Ingo</marc:subfield>
      <marc:subfield code="4">aut</marc:subfield>
      <marc:subfield code="e">Verfasser/-in</marc:subfield>
   </marc:datafield>
   <marc:datafield ind1=" " ind2=" " tag="653">
      <marc:subfield code="a">Reinlichkeitserziehung</marc:subfield>
   </marc:datafield>
   <marc:datafield ind1=" " ind2=" " tag="653">
      <marc:subfield code="a">Drachen</marc:subfield>
   </marc:datafield>
   <marc:datafield ind1=" " ind2=" " tag="653">
      <marc:subfield code="a">Zähneputzen</marc:subfield>
   </marc:datafield>
   <marc:datafield ind1=" " ind2=" " tag="653">
      <marc:subfield code="a">Kinderprobleme</marc:subfield>
   </marc:datafield>
   <marc:datafield ind1="0" ind2="0" tag="245">
      <marc:subfield code="a">Der kleine Drache Kokosnuss - Lass uns Zähne putzen!</marc:subfield>
   </marc:datafield>
   <marc:datafield ind1="0" ind2="0" tag="245">
      <marc:subfield code="b">Bilderbuch ab 2 Jahren</marc:subfield>
   </marc:datafield>
   <marc:datafield ind1=" " ind2="1" tag="264">
      <marc:subfield code="b">cbj Kinder- und Jugendbuchverlag</marc:subfield>
      <marc:subfield code="c">2017</marc:subfield>
   </marc:datafield>
   <marc:datafield ind1="1" ind2=" " tag="490">
      <marc:subfield code="a">Der kleine Drache Kokosnuss</marc:subfield>
   </marc:datafield>
   <marc:datafield ind1="1" ind2=" " tag="520">
      <marc:subfield code="a">Klappentext: Zähneputzen ist doof, findet der Grasdrache Big Bo, bis er eines Tages über schreckliche Zahnschmerzen klagt. Gut, dass Oskar, Matilda und der kleine Drache Kokosnuss wissen, was zu tun ist! Sie besorgen für Big Bo nicht nur die richtige Medizin sondern auch eine extragroße Zahnbürste. Mit dem kleinen Drachen Kokosnuss und seinen Freunden macht Zähneputzen doppelt Spaß!  Biografie Ingo Siegner wurde 1965 in Hannover geboren. Dort lebt und arbeitet er als freier Autor und Illustrator. Für Nachbarskinder erfand er die Geschichten vom kleinen Drachen Kokosnuss, der sich binnen kurzer Zeit zum beliebten Kinderbuch-Character entwickelte. Mittlerweile sind nicht nur die Bücher und Hörbücher, sondern auch das dazugehörende Merchandising-Programm eine echte Erfolgsgeschichte.</marc:subfield>
   </marc:datafield>
   <marc:datafield ind1=" " ind2=" " tag="020">
      <marc:subfield code="a">9783570174449</marc:subfield>
      <marc:subfield code="9">9783570174449</marc:subfield>
   </marc:datafield>
</marc:record>
